000 01639cam a22004337a 4500
001 000093297
003 CHAP
005 20220329142928.0
008 050303d2004 mx r 00110 spa d
010 _a89763
011 _a90735
035 _a101292
040 _cCHAP
090 _aTesis
100 0 0 _aHernández Palafox, Ma. Eugenia.
_954440
245 1 0 _aAplicación de la distancia de mahalanobis e imágenes de satélite, para localizar áreas de reproducción de Cyrtonyx montezumae, en el Noroeste del Estado de México /
_c/por Ma. Eugenia Hernández Palafox.
260 _aChapingo, Méx. :
_bEl autor,
_c2004.
300 _a67h. :
_bilus.; gráfs.; cuadros,.
502 _aTesis (Ing. en Agroecología) -- UACH. Departamento de Agroecología
590 _aALEPH
_b10
_c20130110
_lUCH01
_h1504
590 _aBATCH-UPD
_b10
_c20130110
_lUCH01
_h0641
590 _aBATCH-UPD
_b10
_c20130410
_lUCH01
_h0325
590 _aBATCH-UPD
_b10
_c20130914
_lUCH01
_h0451
590 _aBATCH-UPD
_b10
_c20140324
_lUCH01
_h1449
590 _aBATCH-UPD
_b10
_c20141002
_lUCH01
_h0825
590 _aCONVERSION
_b10
_c20130109
_lUCH01
_h1350
590 _aE12093SGE
_b10
_c20130619
_lUCH01
_h1218
650 1 4 _aAves de corral.
_98636
650 1 4 _aCodorniz.
_924300
650 1 4 _aLevantamiento topográfico.
_966426
650 1 4 _aSensores remotos.
_9104427
856 _3Finding aid
_uhttp://10.13.5.2/tesis/101292.pdf
_zTeclea aquí
901 _aBK
905 _aElisama A. H.
942 _cCD
942 _n0
949 _aTesis
_bBC
_cTES
_d101292
_eTS1
_h43307
_i101292
_sb
949 _aTesis
_bBC
_cTES
_d33724000944880
_eTS2
_fc.2
_h43308
_i101292
_si
999 _c89763
_d89763